LEADER 00854nam0-2200301---450- 001 990009425530403321 005 20110915140722.0 035 $a000942553 035 $aFED01000942553 035 $a(Aleph)000942553FED01 035 $a000942553 100 $a20110915d1918----km-y0itay50------ba 101 0 $aeng 102 $aUS 105 $aa-------001yy 200 1 $a<>anatomy of the domestic fowl$fby B. F. Kaupp 210 $aPhiladelphia ; London$cW.B. Saunders Company$d1918 215 $a373 p.$cill.$d23 cm 610 0 $aPolli ruspanti$aAnatomia 676 $a636.5 700 1$aKaupp,$bB. F.$g$0512599 801 0$aIT$bUNINA$gRICA$2UNIMARC 901 $aBK 912 $a990009425530403321 952 $aIIIc C 62$b1594$fDMVSF 959 $aDMVSF 996 $aAnatomy of the domestic fowl$9759070 997 $aUNINA LEADER 00890nam a2200277 i 4500 001 991001538139707536 005 20020502200245.0 008 990215s1977 it ||| | ita 035 $ab11527481-39ule_inst 035 $aPRUMB63008$9ExL 040 $aDip. SSSC$bita 082 0 $a659.1322 100 1 $aReboul, Olivier$0157392 245 13$aLo slogan /$cdi Oliver Reboul ; a cura di Carlo Bascetta 260 $aRoma :$bArmando,$cc1977 300 $a166 p. ;$c20 cm. 490 0 $aControcampo ;$v8 650 4$aPubblicità 650 4$aSlogan pubblicitari 700 1 $aBascetta, Carlo 907 $a.b11527481$b01-03-17$c01-07-02 912 $a991001538139707536 945 $aLE021 DI3D36$g1$i2021000028991$lle021$o-$pE0.00$q-$rl$s- $t0$u1$v0$w1$x0$y.i11724043$z01-07-02 996 $aSlogan$9143419 997 $aUNISALENTO 998 $ale021$b01-01-99$cm$da $e-$fita$git $h3$i1